A new design philosophy : (Record no. 20005)

MARC details
000 -CABECERA
campo de control de longitud fija 00756nam a2200265 4500
003 - IDENTIFICADOR DEL NÚMERO DE CONTROL
campo de control OSt
005 - FECHA Y HORA DE LA ÚLTIMA TRANSACCIÓN
campo de control 20260601170959.0
008 - DATOS DE LONGITUD FIJA--INFORMACIÓN GENERAL
campo de control de longitud fija 260418b1999\\\\xxua||||\||||\00|\0\eng\d
020 ## - NÚMERO INTERNACIONAL ESTÁNDAR DEL LIBRO
Número Internacional Estándar del Libro 0868407534
040 ## - FUENTE DE LA CATALOGACIÓN
Centro catalogador/agencia de origen ICI
Lengua de catalogación spa
Centro/agencia transcriptor ICI
041 ## - CÓDIGO DE LENGUA
Código de lengua del texto/banda sonora o título independiente spa
050 ## - SIGNATURA TOPOGRÁFICA DE LA BIBLIOTECA DEL CONGRESO
Número de clasificación NK1505
Número de documento/Ítem D474 1999
100 #1 - ENTRADA PRINCIPAL--NOMBRE DE PERSONA
Nombre de persona Tony Fry
9 (RLIN) 31184
240 ## - TÍTULO UNIFORME
Título uniforme Design in crisis :
Lenguaje de la obra eng
245 #1 - MENCIÓN DE TÍTULO
Título A new design philosophy :
Resto del título an introduction to defaturing /
Mención de responsabilidad, etc. Tony Fry
260 ## - PUBLICACIÓN, DISTRIBUCIÓN, ETC.
Lugar de publicación, distribución, etc. Abingdon, Oxon
Nombre del editor, distribuidor, etc. Routledge
Fecha de publicación, distribución, etc. 2021
264 ## - PRODUCCIÓN, PUBLICACIÓN, DISTRIBUCIÓN, FABRICACIÓN Y COPYRIGHT
Nombre del de productor, editor, distribuidor, fabricante Routledge
Fecha de producción, publicación, distribución, fabricación o copyright 1999
Producción, publicación, distribución, fabricación y copyright Abingdon, Oxon
300 ## - DESCRIPCIÓN FÍSICA
Extensión 304 páginas
336 ## - TIPO DE CONTENIDO
Término de tipo de contenido texto
Fuente rdacontent
337 ## - TIPO DE MEDIO
Nombre/término del tipo de medio sin medio
Fuente rdamedia
338 ## - TIPO DE SOPORTE
Nombre/término del tipo de soporte volumen
Fuente rdacarrier
650 ## - PUNTO DE ACCESO ADICIONAL DE MATERIA--TÉRMINO DE MATERIA
Término de materia o nombre geográfico como elemento de entrada Diseño
Subdivisión general Filosofía
650 ## - PUNTO DE ACCESO ADICIONAL DE MATERIA--TÉRMINO DE MATERIA
Término de materia o nombre geográfico como elemento de entrada Crisis (Filosofía)
9 (RLIN) 31186
942 ## - ELEMENTOS DE PUNTO DE ACCESO ADICIONAL (KOHA)
Fuente del sistema de clasificación o colocación Dewey Decimal Classification
Tipo de ítem Koha Libros

No items available.